• 首页
  • 本馆介绍
  • 公告通知
  • 最新文献
  • 馆藏检索
  • 电子资源
  • 读者导购
  • 参考咨询
  • 我的图书馆
  • 登录
  • 详细信息显示
  • 放入我的书架
  • 预约/预借图书
  • 作者相关作品
  • 分类相关作品
  • 丛书相关作品
  • 出版社相关作品

书目信息

  • 表格格式
  • 工作单格式
  • 卡片格式
题名:
枪的故事
    
 
作者: 许强 编著
分册:  
出版信息: 北京   东方出版社  2003
页数: 131页
开本: 21cm
丛书名: 阳光文化电视图书
单 册:
中图分类: E922.1
科图分类:
主题词: 枪械--世界--通俗读物 , 枪械
电子资源:
ISBN: 7-5060-1644-3
000 00840oam2 2200265 450
001 1262551984
005 20121003172324.63
010    @a7-5060-1644-3@dCNY28.00
100    @a20031128d2003 em y0chiy50 ea
101 0  @achi
102    @aCN@b110000
105    @ay z 000yy
200 1  @a枪的故事@Aqiang de gu shi@f许强编著
210    @a北京@c东方出版社@d2003
215    @a131页@c图@d21cm
225 2  @a阳光文化电视图书
330    @a本书内容分为七部分,即:枪的影响、早期枪械的发展、19世纪美国的枪械发展、19世纪欧洲的枪械发展、两次世界大战中的枪械、突击步枪的天下、未来的枪械。
461  0 @12001 @a阳光文化电视图书
510 1  @aStory of Guns@zeng
606 0  @a枪械@y世界@j通俗读物
606 0  @a枪械
690    @aE922.1@v4
701  0 @a许强@Axu qiang@c(军事)@4编著
801  0 @aCN@bNLC@c20101222
905    @a10447@dE922.1@eJY33
    
    枪的故事/许强编著.-北京:东方出版社,2003
    131页:图;21cm.-(阳光文化电视图书)
    
    
    ISBN 7-5060-1644-3:CNY28.00
    本书内容分为七部分,即:枪的影响、早期枪械的发展、19世纪美国的枪械发展、19世纪欧洲的枪械发展、两次世界大战中的枪械、突击步枪的天下、未来的枪械。
●
相关链接 在E读中查询图书 在五车中查询图书 在当当中查询图书 在豆瓣中查询图书


正题名:枪的故事     索取号:E922.1/JY33         预约/预借

序号 登录号 条形码 馆藏地/架位号 状态 备注
1 7813316   278133164   学院路分馆/ [索取号:E922.1/JY33] 在馆    
2 7813317   278133173   学院路分馆/ [索取号:E922.1/JY33] 在馆    
3 7813318   278133182   学院路分馆/ [索取号:E922.1/JY33] 在馆    
4 7813319   278133191   学院路分馆/ [索取号:E922.1/JY33] 在馆    
唐山师范学院图书馆 欢迎您!
大连网信软件有限公司© 版权所有